LDR 00814naa#a2200217#i#450# 001 EN\\bibl\120577 005 20260430203437.4 011 ## _a2587-6740 100 ## _a20260415b2026####ek#y0engy0150####ca 102 ## _aRU 200 1# _aTechnological aspects of the organization of rational land use on especially valuable agricultural lands _eJournal article 210 1# _aMoscow _cElectronic science _d2026 215 ## _a5 с. 608 ## _aJournal article _2local 675 ## _aМеры по поддержанию и повышению уровня использования земли. 332.37 _z 700 #1 _aSvintsova _gTatyana Yur'evna 700 #1 _aNosov _gSergey Ivanovich 700 #1 _aBondarev _gBoris Evgen'evich 700 #1 _aVershinin _gValentin Valentinovich 700 #1 _aAleshina _gMarina Vladimirovna 856 4# _aecience.ru _u